Biblioteca y Centro de Documentación

El papel del sector privado en el logro de los Objetivos del Milenio (Registro nro. 35906)

Detalles MARC
000 -CABECERA
Longitud fija campo de control 00883naa a2200253 c 4500
001 - NÚMERO DE CONTROL
Número de control 35906
003 - IDENTIFICADOR DE NÚMERO DE CONTROL
Identificador del número de control ES-MaCES
005 - FECHA Y HORA DE LA ÚLTIMA TRANSACCIÓN
Fecha y hora de la última transacción 20150925133432.0
008 - CAMPO FIJO DE DESCRIPCIÓN FIJA--INFORMACIÓN GENERAL
Códigos de información de longitud fija   060208n2005 sp t 000 | spa d
035 ## - NÚMERO DE CONTROL DEL SISTEMA
Número de control del sistema CES20060001685v
040 ## - FUENTE DE CATALOGACIÓN
Centro catalogador de origen ES-MaCES
Lengua de catalogación spa
Centro transcriptor ES-MaCES
100 1# - ENCABEZAMIENTO PRINCIPAL--NOMBRE PERSONAL
Nombre de persona Casado Cañeque, Fernando
9 (RLIN) 9161
245 13 - MENCIÓN DE TÍTULO
Título El papel del sector privado en el logro de los Objetivos del Milenio
Mención de responsabilidad, etc. Fernando Casado Cañeque
650 #4 - ASIENTO SECUNDARIO DE MATERIA--TÉRMINO DE MATERIA
Término de materia o nombre geográfico como elemento inicial papel de la ONU
9 (RLIN) 29145
650 #4 - ASIENTO SECUNDARIO DE MATERIA--TÉRMINO DE MATERIA
Término de materia o nombre geográfico como elemento inicial sector privado
9 (RLIN) 27147
650 #4 - ASIENTO SECUNDARIO DE MATERIA--TÉRMINO DE MATERIA
Término de materia o nombre geográfico como elemento inicial lucha contra la pobreza
9 (RLIN) 30648
650 #4 - ASIENTO SECUNDARIO DE MATERIA--TÉRMINO DE MATERIA
Término de materia o nombre geográfico como elemento inicial ayuda al desarrollo
9 (RLIN) 26634
653 10 - TÉRMINO DE INDEXACIÓN--NO CONTROLADO
Término no controlado Cooperación al desarrollo
650 #4 - ASIENTO SECUNDARIO DE MATERIA--TÉRMINO DE MATERIA
9 (RLIN) 28178
Término de materia o nombre geográfico como elemento inicial empresa
773 0# - ENTRADA DE DOCUMENTO FUENTE
Título Economía exterior
Parte(s) relacionada(s) n. 35 (2005/2006){10625 R. 063277}; p. 27-33
Número de control del registro relacionado (ES-MaCES)25630
Itemnumber del ítem fuente 66471
902 ## - CES. TIPO DE DOCUMENTO
Tipodoc (006$c Sirtex) ART Artículo de revista
942 ## - ELEMENTOS KOHA
Fuente de clasificaión o esquema Clasificación propia del CES
Koha [por defecto] tipo de item Artículos (1982-2017)
Parte de clasificación 1.2.

No hay ítems disponibles.

© CES, Consejo Económico y Social de España 2021